Statystyki dla 4-literowa geografia #2

Kliknij tutaj aby rozwiązać quiz!

Ogólne statystyki

  • Ten quiz został rozwiązany 193 razy
  • Średni wynik to 12 z 21

Statystyki odpowiedzi

WskazówkaOdpowiedź% Poprawnych
Największe miasto w Norwegii.Oslo
96%
Sąsiad Wietnamu.Laos
92%
Największe pasmo górskie w
Europie Środkowej.
Alpy
87%
Wiedeń po niemiecku.Wien
87%
Najbardziej aktywny wulkan w Europie.Etna
84%
Największa pustynia w Chinach.Gobi
75%
Największa wyspa na Morzu Karaibskim.Kuba
75%
Wyspa Napoleon została wygnana.Elba
65%
Stan USA, w którym znajduje
się Salt Lake City.
Utah
65%
Stan USA, w którym znajduje się Cleveland.Ohio
64%
Wyspa Dżakarta.Jawa
62%
Drugie co do wielkości miasto w Irlandii.Cork
56%
Miasto siedziby Międzynarodowego
Trybunału Sprawiedliwości i Europejskiego Urzędu Policji (EUROPOL).
Haga
43%
Stolica Timoru Wschodniego.Dili
42%
Stolica FidżiSuva
39%
Rzeka czyli Elbe po niemiecku.Łaba
29%
3 największe miasto w Kolumbii.Cali
26%
Rosyjska rzeka, która nadała
nazwę gatunki tygrysów.
Amur
20%
Język narodowy i język urzędowy
w Pakistanie.
Urdu
18%
Tymczasowa stolica Jemenu.Aden
17%
Wyspa Honolulu.O'ahu
15%

Rozkład punktacji

Percentyl według liczby udzielonych odpowiedzi

Procent ludzi z każdym wynikiem

Twoja historia wyników

Nie rozwiązałeś tego quizu